Priemysel SR a činitele jeho ďalšieho vývoja dizertačná práca

Salvato in:
Dettagli Bibliografici
Autore principale: Hečková, Jaroslava
Ente Autore: Ekonomická univerzita v Bratislave. Podnikovohospodárska fakulta so sídlom v Košiciach
Altri autori: Bobáková, Viktória
Natura: Libro
Lingua:slovacco
Pubblicazione: Košice 2006
Soggetti:
Tags: Aggiungi Tag
Nessun Tag, puoi essere il primo ad aggiungerne!!

MARC

LEADER 00000nam$a2200000$$$4500
001 0059368
005 20230227083208.2
041 0 |a slo 
044 |a SK 
245 1 0 |a Priemysel SR a činitele jeho ďalšieho vývoja  |b dizertačná práca  |c Jaroslava Hečková ; školiteľ: Viktória Bobáková 
264 1 |a Košice  |c 2006 
300 |a 192 s. 
610 2 0 |a priemysel 
610 2 0 |a Slovensko 
610 2 0 |a politika priemyselná 
100 1 |a Hečková, Jaroslava 
700 1 |a Bobáková, Viktória 
710 2 |a Ekonomická univerzita v Bratislave. Podnikovohospodárska fakulta so sídlom v Košiciach